| 000 | 00923nam a22002177a 4500 | ||
|---|---|---|---|
| 005 | 20170425020001.0 | ||
| 008 | 140428b2011 ck ||||| |||| 00| 0 spa d | ||
| 020 | _a9789589973110 | ||
| 041 | _aspa | ||
| 044 | _ack | ||
| 082 |
_a333.72 _bS52c |
||
| 245 | 1 | 0 |
_aCorredor de conservación Chingaza - Sumapaz - Guerrero : _bresultados del diseño y lineamientos de acción |
| 260 |
_aBogotá _bConservación Internacional Colombia _bEmpresa de Acueducto y Alcantarillado de Bogotá ESP _c2011 |
||
| 300 |
_a184 p. _bil., mapas, tablas, _c21 cm. |
||
| 500 | _aIncluye dos mapas: Cobertura de la tierra CID-034592 Zonificación para la gestión CID-034593 | ||
| 650 |
_aConservación _zChingaza (Páramo, Colombia) _zSumapaz (Páramo, Colombia) _zGuerrero (Páramo, Colombia) _923843 |
||
| 700 | 1 |
_aSguerra, Sandra _9830 |
|
| 700 | 1 |
_aBejarano, Patricia _923844 |
|
| 700 | 1 |
_aRodriguez, Octavio _923845 |
|
| 942 |
_2ddc _cImpreso _016 |
||
| 999 |
_c8409 _d8409 |
||